Capitales provinciales italiennes - Statistiques

Statistiques générales
  • Ce quiz a été pris 17 fois
  • Le résultat moyen est 37 sur 107
Statistiques - réponses
Région Capitale % Correct
Lombardie Milan
88%
Pouilles Bari
81%
Latium Rome
81%
Vénétie Venise
81%
Émilie-Romagne Bologne
75%
Campanie Naples
75%
Sardaigne Cagliari
69%
Toscane Florence
69%
Ligurie Gênes
69%
Sicile Palerme
69%
Frioul-et-Vénétie-Julienne Trieste
63%
Piémont Turin
63%
Vénétie Vérone
63%
Sicile Catane
56%
Lombardie Côme
56%
Ligurie La Spezia
56%
Sicile Messine
56%
Vénétie Padoue
56%
Toscane Pise
56%
Marches Ancône
50%
Lombardie Bergame
50%
Lombardie Monza
50%
Émilie-Romagne Parme
50%
Abruzzes Pescara
50%
Émilie-Romagne Rimini
50%
Trentin-Haut-Adige Trente
50%
Frioul-et-Vénétie-Julienne Udine
50%
Lombardie Brescia
44%
Abruzzes L'Aquila
44%
Toscane Livourne
44%
Ombrie Pérouse
44%
Émilie-Romagne Plaisance
44%
Calabre Reggio de Calabre
44%
Sicile Syracuse
44%
Sicile Trapani
44%
Vénétie Trévise
44%
Sicile Agrigente
38%
Vallée d'Aoste Aoste
38%
Trentin-Haut-Adige Bolzano
38%
Pouilles Brindisi
38%
Calabre Catanzaro
38%
Lombardie Crémone
38%
Pouilles Foggia
38%
Pouilles Lecce
38%
Basilicate Potenza
38%
Émilie-Romagne Ravenne
38%
Campanie Salerne
38%
Sardaigne Sassari
38%
Pouilles Tarente
38%
Vénétie Vicence
38%
Toscane Arezzo
31%
Piémont Asti
31%
Pouilles Barletta-Andria-Trani
31%
Calabre Cosenza
31%
Émilie-Romagne Ferrare
31%
Émilie-Romagne Forlì
31%
Latium Frosinone
31%
Latium Latina
31%
Toscane Lucques
31%
Lombardie Mantoue
31%
Toscane Prato
31%
Toscane Sienne
31%
Ombrie Terni
31%
Campanie Bénévent
25%
Sicile Caltanissetta
25%
Calabre Crotone
25%
Toscane Grosseto
25%
Basilicate Matera
25%
Émilie-Romagne Modène
25%
Ligurie Savone
25%
Piémont Alexandrie
19%
Molise Campobasso
19%
Campanie Caserte
19%
Sicile Enna
19%
Ligurie Imperia
19%
Piémont Novare
19%
Sardaigne Nuoro
19%
Lombardie Pavie
19%
Toscane Pistoia
19%
Frioul-et-Vénétie-Julienne Pordenone
19%
Émilie-Romagne Reggio d'Émilie
19%
Latium Rieti
19%
Lombardie Varèse
19%
Calabre Vibo Valentia
19%
Latium Viterbe
19%
Campanie Avellino
13%
Vénétie Belluno
13%
Abruzzes Chieti
13%
Piémont Coni
13%
Frioul-et-Vénétie-Julienne Gorizia
13%
Molise Isernia
13%
Toscane Massa
13%
Sicile Raguse
13%
Lombardie Sondrio
13%
Piémont Verbania
13%
Marches Ascoli Piceno
6%
Piémont Biella
6%
Marches Fermo
6%
Lombardie Lecco
6%
Lombardie Lodi
6%
Marches Macerata
6%
Sardaigne Oristano
6%
Marches Pesaro
6%
Vénétie Rovigo
6%
Abruzzes Teramo
6%
Piémont Vercelli
6%
Sardaigne Carbonia
0%
Aucun quiz correspondant
Distribution des résultats
% des personnes avec chaque résultat
Percentile par nombre de réponses
Votre historique - résultats
Vous n’avez pas pris ce quiz